000 00690nam a2200289Ia 4500
005 20260324122904.0
008 008 260324s9999 xx 000 0 eng d
020 _a9780203137789
037 _aEBOOK
040 _aCRL
040 _beng
040 _cCRL
041 _2eng
041 _aeng
084 _qCRL
100 _aJames Davies
_91056325
245 4 _aThe Importance of Suffering
245 4 _bThe Value and Meaning of Emotional Discontent
260 _bTaylor and Francis
260 _c2012
365 _a
365 _b195
856 _uhttp://www.taylorfrancis.com/books/9780203137789
942 _cEBOOK
999 _c1761273
_d1761273